[Event "Titled Tuesday intern op 16th Apr Late"]
[Site "Chess.com INT"]
[Date "2024.04.16"]
[Round "4"]
[White "Danielyan, Vahe"]
[Black "Fayard, Alain"]
[Result "1-0"]
[WhiteElo "2331"]
[BlackElo "2127"]
[PlyCount "71"]
[EventDate "2024.04.16"]
[EventType "swiss (blitz)"]
[EventRounds "11"]
[EventCountry "USA"]
[SourceTitle "CB17_2024"]
[SourceDate "2024.04.24"]
[SourceVersion "1"]
[SourceVersionDate "2024.04.24"]
[SourceQuality "1"]

1. d4 d5 2. c4 e6 3. Nc3 Nf6 4. cxd5 exd5 5. Bg5 c6 6. Qc2 g6 7. e3 Bf5 8. Bd3 Bxd3 9. Qxd3 Bg7 10. Nf3 0-0 11. 0-0 Nbd7 12. Rab1 h6 13. Bh4 g5 14. Bg3 Re8 15. b4 Ne4 16. Qc2 Nb6 17. Nxe4 dxe4 18. Nd2 f5 19. b5 Rc8 20. Qb3+ Kh7 21. bxc6 Rxc6 22. a4 Re7 23. Rfd1 Nd5 24. Nc4 b6 25. Be5 f4 26. Bxg7 Rxg7 27. Qb5 Rf6 28. Rbc1 f3 29. Nd2 fxg2 30. Nxe4 Rf5 31. Ng3 Rf6 32. Rc6 Rgf7 33. Rxf6 Rxf6 34. Rc1 Qd6 35. Ne4 Qe6 36. Qxd5 1-0

[Event "Titled Tuesday intern op 16th Apr Early"]
[Site "Chess.com INT"]
[Date "2024.04.16"]
[Round "9"]
[White "Fayard, Alain"]
[Black "Orzech, Dominik"]
[Result "0-1"]
[WhiteElo "2127"]
[BlackElo "2248"]
[PlyCount "72"]
[EventDate "2024.04.16"]
[EventType "swiss (blitz)"]
[EventRounds "11"]
[EventCountry "USA"]
[SourceTitle "CB17_2024"]
[SourceDate "2024.04.24"]
[SourceVersion "1"]
[SourceVersionDate "2024.04.24"]
[SourceQuality "1"]

1. e4 c5 2. Nf3 Nc6 3. Nc3 g6 4. Bb5 Nd4 5. Nxd4 cxd4 6. Ne2 Bg7 7. 0-0 a6 8. Ba4 b5 9. Bb3 Bb7 10. d3 e6 11. f4 Ne7 12. Ng3 f5 13. exf5 gxf5 14. Qh5+ Ng6 15. Bd2 Qf6 16. Rae1 0-0 17. Bb4 Rf7 18. Bd6 Qh4 19. Qe2 Rc8 20. a4 Kh8 21. axb5 axb5 22. Ra1 Bh6 23. Qf2 Rg8 24. Qxd4+ Bg7 25. Qf2 Bxb2 26. Ra7 Bc6 27. d4 Qf6 28. Rd1 h6 29. Qe3 Kh7 30. Ra2 Nh4 31. Rxb2 Nxg2 32. Qe5 Qh4 33. d5 Rxg3 34. hxg3 Qxg3 35. dxc6 Ne3+ 36. Kh1 Qg2# 0-1

[Event "Titled Tuesday intern op 16th Apr Late"]
[Site "Chess.com INT"]
[Date "2024.04.16"]
[Round "9"]
[White "Fayard, Alain"]
[Black "Stillger, Bernhard"]
[Result "1-0"]
[WhiteElo "2127"]
[BlackElo "2256"]
[PlyCount "93"]
[EventDate "2024.04.16"]
[EventType "swiss (blitz)"]
[EventRounds "11"]
[EventCountry "USA"]
[SourceTitle "CB17_2024"]
[SourceDate "2024.04.24"]
[SourceVersion "1"]
[SourceVersionDate "2024.04.24"]
[SourceQuality "1"]

1. e4 c6 2. d4 d5 3. exd5 cxd5 4. c4 Nf6 5. Nc3 g6 6. Bg5 Bg7 7. Bxf6 Bxf6 8. Nxd5 Bg7 9. h3 Nc6 10. Nf3 e6 11. Nc3 Nxd4 12. Nxd4 Qxd4 13. Qxd4 Bxd4 14. Rc1 Bd7 15. Be2 Bc6 16. 0-0 0-0-0 17. Rfd1 f5 18. b3 a6 19. Kf1 Kc7 20. Nb5+ axb5 21. cxb5 Kb6 22. bxc6 bxc6 23. Bf3 c5 24. Rc4 e5 25. Rdc1 e4 26. Be2 Ra8 27. a4 Rhc8 28. b4 cxb4 29. Rxc8 Rxa4 30. Bc4 Bc3 31. Bg8 Ra7 32. R8xc3 bxc3 33. Rxc3 Rg7 34. Bb3 Kb5 35. Bd5 Kb4 36. Rc4+ Kb5 37. Rc1 Re7 38. Ke2 Re5 39. Bg8 Re7 40. g3 Rg7 41. Ba2 h6 42. Ke3 g5 43. Be6 f4+ 44. gxf4 gxf4+ 45. Kxf4 Rg6 46. Bg4 Rf6+ 47. Ke3 1-0

[Event "Titled Tuesday intern op 16th Apr Early"]
[Site "Chess.com INT"]
[Date "2024.04.16"]
[Round "3"]
[White "Fayard, Alain"]
[Black "Vargas Pereda, Jesus Manuel"]
[Result "1-0"]
[WhiteElo "2127"]
[BlackElo "1930"]
[PlyCount "79"]
[EventDate "2024.04.16"]
[EventType "swiss (blitz)"]
[EventRounds "11"]
[EventCountry "USA"]
[SourceTitle "CB17_2024"]
[SourceDate "2024.04.24"]
[SourceVersion "1"]
[SourceVersionDate "2024.04.24"]
[SourceQuality "1"]

1. e4 c5 2. Nf3 e6 3. c3 Nf6 4. e5 Nd5 5. a3 d6 6. d4 cxd4 7. c4 Ne7 8. exd6 Nf5 9. c5 Nc6 10. b4 a6 11. Bd3 Nh4 12. Nbd2 Nxg2+ 13. Kf1 Nf4 14. Nc4 e5 15. Bxf4 exf4 16. Qe2+ Be6 17. Nb6 Bxd6 18. Nxa8 Be7 19. Nb6 Bh3+ 20. Ke1 0-0 21. Kd2 Bf6 22. Rhg1 g6 23. Rae1 Ne7 24. Ng5 Bf5 25. Ne4 Bg7 26. Nd6 Be6 27. Bc4 d3 28. Qxd3 Bxc4 29. Nbxc4 Nc6 30. Re4 Qf6 31. Rge1 f3 32. Kc2 Bh6 33. Re8 Bg7 34. Rxf8+ Bxf8 35. Qc3 Nd4+ 36. Kb2 Qf4 37. Re4 Qxh2 38. Qxd4 h5 39. Kb3 Qg2 40. Qd5 1-0

[Event "Titled Tuesday intern op 16th Apr Early"]
[Site "Chess.com INT"]
[Date "2024.04.16"]
[Round "1"]
[White "Omelja, Artem"]
[Black "Fayard, Alain"]
[Result "1-0"]
[WhiteElo "2444"]
[BlackElo "2127"]
[PlyCount "63"]
[EventDate "2024.04.16"]
[EventType "swiss (blitz)"]
[EventRounds "11"]
[EventCountry "USA"]
[SourceTitle "CB17_2024"]
[SourceDate "2024.04.24"]
[SourceVersion "1"]
[SourceVersionDate "2024.04.24"]
[SourceQuality "1"]

1. d4 d5 2. c4 dxc4 3. e3 Nf6 4. Bxc4 e6 5. Nf3 c5 6. 0-0 a6 7. a4 Nc6 8. Qe2 cxd4 9. Rd1 Be7 10. exd4 Nb4 11. Nc3 0-0 12. Ne5 b6 13. Bg5 Bb7 14. Rac1 Nbd5 15. Nxd5 Nxd5 16. Bxe7 Qxe7 17. Bxd5 Bxd5 18. Rc3 f6 19. Nd3 Rac8 20. Nf4 Qb7 21. Nxd5 Qxd5 22. Qxa6 Ra8 23. Qxb6 Rxa4 24. b4 Rfa8 25. h3 Ra1 26. Rxa1 Rxa1+ 27. Kh2 h6 28. Re3 e5 29. dxe5 fxe5 30. Qb8+ Kh7 31. Qxe5 Qd1 32. Qf5+ 1-0

[Event "Titled Tuesday intern op 02nd Apr Early"]
[Site "Chess.com INT"]
[Date "2024.04.02"]
[Round "9"]
[White "Estrada Nieto, Julian"]
[Black "Fayard, Alain"]
[Result "1-0"]
[WhiteElo "2195"]
[BlackElo "2127"]
[PlyCount "67"]
[EventDate "2024.04.02"]
[EventType "swiss (blitz)"]
[EventRounds "11"]
[EventCountry "USA"]
[SourceTitle "CB15_2024"]
[SourceDate "2024.04.10"]
[SourceVersion "1"]
[SourceVersionDate "2024.04.10"]
[SourceQuality "1"]

1. e4 c5 2. Nf3 d6 3. Bb5+ Bd7 4. Bxd7+ Nxd7 5. 0-0 Ngf6 6. Qe2 e5 7. c3 Be7 8. Rd1 0-0 9. d4 Qc7 10. Bg5 h6 11. Bh4 Rfe8 12. dxe5 dxe5 13. Na3 Rad8 14. Nc4 a6 15. Bxf6 Bxf6 16. Ne3 Nf8 17. Nd5 Qc6 18. Rd2 Rd6 19. Rad1 Red8 20. g3 b5 21. Qe3 c4 22. Nxf6+ gxf6 23. Rxd6 Rxd6 24. Rxd6 Qxd6 25. Qxh6 Ng6 26. h4 Qd3 27. Kg2 Qxe4 28. h5 Nf8 29. Qxf6 Nd7 30. Qd8+ Nf8 31. Qd6 Qc2 32. Qxe5 Qxb2 33. h6 Ne6 34. Ng5 1-0

[Event "Wch Seniors 50 31st"]
[Site "Terassini"]
[Date "2023.10.28"]
[Round "4"]
[White "Seul, Georg"]
[Black "Fayard, Alain"]
[Result "1/2-1/2"]
[WhiteElo "2383"]
[BlackElo "2158"]
[PlyCount "51"]
[EventDate "2023.10.25"]
[EventType "swiss"]
[EventRounds "11"]
[EventCountry "ITA"]
[SourceTitle "Mega2024 Update 01"]
[Source "Chessbase"]
[SourceDate "2023.11.12"]
[SourceVersion "1"]
[SourceVersionDate "2023.11.12"]
[SourceQuality "1"]

1. e4 c6 2. d4 d5 3. e5 c5 4. dxc5 e6 5. a3 Bxc5 6. Nf3 f6 7. b4 Be7 8. Bb5+ Bd7 9. Bd3 Nc6 10. Bb2 a6 11. Nbd2 Nh6 12. 0-0 Nf7 13. exf6 Bxf6 14. Bxf6 Qxf6 15. c4 0-0 16. Re1 Rad8 17. Qe2 Nfe5 18. Rad1 Nxd3 19. Qxd3 Be8 20. b5 axb5 21. cxb5 Nb8 22. a4 Nd7 23. Qe3 e5 24. Nxe5 Nxe5 25. Qxe5 Qxf2+ 26. Kh1 1/2-1/2

[Event "Wch Seniors 50 30th"]
[Site "Assisi"]
[Date "2022.11.17"]
[Round "3"]
[White "Krizsany, Laszlo"]
[Black "Fayard, Alain"]
[Result "1-0"]
[WhiteElo "2371"]
[BlackElo "2210"]
[PlyCount "49"]
[EventDate "2022.11.15"]
[EventType "swiss"]
[EventRounds "11"]
[EventCountry "ITA"]
[SourceTitle "CBM 211 Extra"]
[Source "ChessBase"]
[SourceDate "2023.01.31"]
[SourceVersion "1"]
[SourceVersionDate "2023.01.31"]
[SourceQuality "1"]

1. d4 Nf6 2. c4 e6 3. Nf3 Bb4+ 4. Bd2 a5 5. g3 b6 6. Bg2 Bb7 7. 0-0 0-0 8. Bg5 Be7 9. Qc2 c5 10. Nc3 cxd4 11. Nxd4 Bxg2 12. Kxg2 Qc8 13. b3 Qc5 14. Qd2 h6 15. Be3 Ng4 16. Na4 Qc7 17. Rad1 Nxe3+ 18. Qxe3 Na6 19. Qf3 Nc5 20. Nb5 Qc6 21. Nxc5 Bxc5 22. Rd3 Rfc8 23. Rfd1 d5 24. a4 dxc4 25. Rd8+ 1-0

[Event "Wch Seniors 50 29th"]
[Site "Bucharest"]
[Date "2019.11.21"]
[Round "9"]
[White "Fayard, Alain"]
[Black "Cmiel, Thorsten"]
[Result "1/2-1/2"]
[WhiteElo "2184"]
[BlackElo "2068"]
[PlyCount "70"]
[EventDate "2019.11.12"]
[EventType "swiss"]
[EventRounds "11"]
[EventCountry "ROU"]
[SourceTitle "CBM 193 Extra"]
[Source "ChessBase"]
[SourceDate "2020.01.31"]
[SourceVersion "1"]
[SourceVersionDate "2020.01.31"]
[SourceQuality "1"]

1. Nf3 d5 2. c4 e6 3. e3 Nf6 4. b3 c5 5. Bb2 Nc6 6. cxd5 exd5 7. Be2 Bd6 8. 0-0 0-0 9. Nc3 d4 10. Nb5 d3 11. Bxd3 Bxh2+ 12. Nxh2 Qxd3 13. Nc7 Rb8 14. Bxf6 gxf6 15. Qf3 Qf5 16. Rac1 Rd8 17. Qxf5 Bxf5 18. Rxc5 Bd3 19. Rfc1 Nb4 20. Nf3 b6 21. Rh5 Rbc8 22. Nd4 Rd7 23. a3 Na6 24. Rc3 Bg6 25. Nxa6 Rxc3 26. dxc3 Bxh5 27. Kf1 Bg6 28. Ke2 Be4 29. f3 Bb7 30. Nb4 Rc7 31. Nb5 Rc5 32. Nd6 Bxf3+ 33. Kxf3 Rxc3 34. Nb5 Rxb3 35. Nxa7 Rxa3 1/2-1/2

[Event "Wch Seniors 50 29th"]
[Site "Bucharest"]
[Date "2019.11.15"]
[Round "4"]
[White "Lima, Darcy Gustavo Macha"]
[Black "Fayard, Alain"]
[Result "1-0"]
[WhiteElo "2540"]
[BlackElo "2184"]
[PlyCount "143"]
[EventDate "2019.11.12"]
[EventType "swiss"]
[EventRounds "11"]
[EventCountry "ROU"]
[SourceTitle "CBM 193 Extra"]
[Source "ChessBase"]
[SourceDate "2020.01.31"]
[SourceVersion "1"]
[SourceVersionDate "2020.01.31"]
[SourceQuality "1"]

1. d4 Nf6 2. g3 e6 3. Bg2 d5 4. Nf3 Be7 5. 0-0 0-0 6. c4 c6 7. Nbd2 Nbd7 8. Qc2 b6 9. e4 Bb7 10. b3 Rc8 11. Bb2 c5 12. exd5 exd5 13. Qf5 dxc4 14. Nxc4 Be4 15. Qf4 Qc7 16. Qxc7 Rxc7 17. Rfe1 cxd4 18. Nxd4 Bxg2 19. Rxe7 Bh3 20. Rae1 Nd5 21. Re8 Rc8 22. Rxf8+ Rxf8 23. Ba3 Ra8 24. Nd6 h6 25. f3 a6 26. Kf2 N7f6 27. Nc6 Be6 28. Bb2 Ne8 29. Nxe8 Rxe8 30. Rd1 Rc8 31. Nd4 Bd7 32. a3 Kf8 33. h4 h5 34. Rd2 Re8 35. a4 Kg8 36. Re2 Rc8 37. Re5 Nb4 38. Ke2 g6 39. Kd2 Nc6 40. Rd5 Nxd4 41. Rxd4 Be6 42. Rb4 Rb8 43. Be5 Rb7 44. Kc3 Kf8 45. a5 b5 46. Bd6+ Ke8 47. Rd4 Kd7 48. Bf4+ Kc8 49. Rd6 b4+ 50. Kb2 Rc7 51. Bd2 Bf5 52. Bxb4 Rc2+ 53. Ka3 Kb7 54. Rb6+ Ka7 55. Bd6 Be6 56. Bb8+ Ka8 57. Bf4 Bc8 58. Kb4 Ka7 59. Bb8+ Ka8 60. Bf4 Ka7 61. Bb8+ Ka8 62. Be5 Ka7 63. f4 Ka8 64. f5 gxf5 65. Rh6 Be6 66. Rxh5 Re2 67. Rh8+ Ka7 68. Bb8+ Kb7 69. Bf4 Kc6 70. Rb8 Rb2 71. Kc3 Rb1 72. h5 1-0

[Event "Wch Seniors 50 29th"]
[Site "Bucharest"]
[Date "2019.11.14"]
[Round "3"]
[White "Fayard, Alain"]
[Black "Koch, Alain1111"]
[Result "1-0"]
[WhiteElo "2184"]
[BlackElo "1930"]
[PlyCount "75"]
[EventDate "2019.11.12"]
[EventType "swiss"]
[EventRounds "11"]
[EventCountry "ROU"]
[SourceTitle "CBM 193 Extra"]
[Source "ChessBase"]
[SourceDate "2020.01.31"]
[SourceVersion "1"]
[SourceVersionDate "2020.01.31"]
[SourceQuality "1"]

1. Nf3 Nc6 2. d4 d5 3. g3 g6 4. c4 e6 5. Bg5 f6 6. Bd2 Bg7 7. h4 b6 8. Qa4 Bd7 9. cxd5 exd5 10. Qb3 Nce7 11. Nc3 c6 12. e4 Be6 13. e5 f5 14. h5 h6 15. Bd3 g5 16. 0-0-0 Qd7 17. Kb1 0-0-0 18. Na4 Qb7 19. Rc1 Kb8 20. Rc3 Nc8 21. Ba6 Qc7 22. Nc5 Bf7 23. Ne1 Bf8 24. Ned3 Bxc5 25. Nxc5 Nge7 26. a4 Rh7 27. Rhc1 Rg8 28. Qb4 Qd8 29. a5 Bxh5 30. axb6 Nxb6 31. Na4 Be8 32. Rb3 Bg6 33. Qa5 f4+ 34. Ka1 Nec8 35. Rxc6 Qd7 36. Nxb6 Nxb6 37. Rcxb6+ axb6 38. Rxb6+ 1-0

[Event "BEL-chT 1718"]
[Site "Belgium"]
[Date "2018.04.29"]
[Round "11.6"]
[White "Ratsma, Rosa"]
[Black "Fayard, Alain"]
[Result "1/2-1/2"]
[WhiteElo "2283"]
[BlackElo "2164"]
[PlyCount "101"]
[EventDate "2017.09.24"]
[EventType "team-tourn"]
[EventRounds "11"]
[EventCountry "BEL"]
[SourceTitle "EXT 2019"]
[Source "ChessBase"]
[SourceDate "2018.10.10"]
[SourceVersion "1"]
[SourceVersionDate "2018.10.10"]
[SourceQuality "1"]
[WhiteTeam "Wachtebeke"]
[BlackTeam "Charleroi CREC"]
[WhiteTeamCountry "BEL"]
[BlackTeamCountry "BEL"]

1. e4 e5 2. Nf3 Nc6 3. Bb5 a6 4. Ba4 Nf6 5. 0-0 Be7 6. d3 b5 7. Bb3 0-0 8. Nc3 d6 9. a3 Be6 10. Nd5 Bxd5 11. exd5 Nb8 12. Re1 Nbd7 13. d4 e4 14. Ng5 Nb6 15. Nxe4 Nfxd5 16. Qf3 Qd7 17. Ng3 c6 18. Nf5 Bf6 19. c3 Rfe8 20. Bd2 Nc4 21. Bxc4 bxc4 22. g4 Re6 23. Qg3 Rae8 24. Nxd6 Rxe1+ 25. Rxe1 Rxe1+ 26. Bxe1 Qe6 27. Ne4 Be7 28. Qf3 Bg5 29. Bd2 Bxd2 30. Nxd2 Qe1+ 31. Nf1 g5 32. Qf5 h6 33. h4 gxh4 34. g5 Qc1 35. g6 Qg5+ 36. Qxg5 hxg5 37. gxf7+ Kxf7 38. Nd2 Nb6 39. Ne4 Kg6 40. Nc5 a5 41. Nb7 a4 42. Nd8 Kf5 43. Nxc6 Ke4 44. Ne5 Kf4 45. Kg2 g4 46. Ng6+ Kg5 47. Ne5 Kf4 48. Ng6+ Kg5 49. Ne5 Kf5 50. Kh2 Kf4 51. Kg2 1/2-1/2

[Event "BEL-chT 1718"]
[Site "Belgium"]
[Date "2018.04.22"]
[Round "10.7"]
[White "Verduyn, Philippe"]
[Black "Fayard, Alain"]
[Result "0-1"]
[WhiteElo "2131"]
[BlackElo "2164"]
[PlyCount "102"]
[EventDate "2017.09.24"]
[EventType "team-tourn"]
[EventRounds "11"]
[EventCountry "BEL"]
[SourceTitle "EXT 2019"]
[Source "ChessBase"]
[SourceDate "2018.10.10"]
[SourceVersion "1"]
[SourceVersionDate "2018.10.10"]
[SourceQuality "1"]
[WhiteTeam "TSM Schifflange"]
[BlackTeam "Charleroi CREC"]
[WhiteTeamCountry "BEL"]
[BlackTeamCountry "BEL"]

1. e4 e5 2. Nf3 Nc6 3. Bc4 Nf6 4. d3 Bc5 5. 0-0 0-0 6. h3 d6 7. c3 a6 8. a4 Ba7 9. Re1 b5 10. Bb3 Ne7 11. Bg5 Ng6 12. Bd5 Rb8 13. axb5 Rxb5 14. b4 h6 15. Bc4 hxg5 16. Bxb5 g4 17. hxg4 Bxf2+ 18. Kxf2 Nxg4+ 19. Kg1 axb5 20. Nbd2 Nf4 21. Nf1 f5 22. Ne3 Qf6 23. Ra8 Nxe3 24. Rxe3 fxe4 25. dxe4 Qh6 26. Ne1 Qh4 27. Qf3 Nh3+ 28. gxh3 Rxf3 29. Rxf3 Qxe1+ 30. Kg2 Qxe4 31. Rxc8+ Kh7 32. Rxc7 Qd5 33. Kg3 e4 34. Rff7 Qg5+ 35. Kf2 d5 36. Rfd7 Qf4+ 37. Ke1 Qg3+ 38. Kd2 Kh6 39. Rc6+ g6 40. Rdd6 Qd3+ 41. Kc1 Qg3 42. Kd1 Qg1+ 43. Ke2 Qh2+ 44. Ke1 e3 45. Rxg6+ Kh5 46. Rh6+ Kg5 47. Rhg6+ Kf5 48. Rcf6+ Ke4 49. Rg4+ Ke5 50. Rff4 Qd2+ 51. Kf1 e2+ 0-1

[Event "BEL-chT 1718"]
[Site "Belgium"]
[Date "2018.03.25"]
[Round "9.7"]
[White "Fayard, Alain"]
[Black "Klein, Felix"]
[Result "1-0"]
[WhiteElo "2164"]
[BlackElo "2331"]
[PlyCount "71"]
[EventDate "2017.09.24"]
[EventType "team-tourn"]
[EventRounds "11"]
[EventCountry "BEL"]
[SourceTitle "EXT 2019"]
[Source "ChessBase"]
[SourceDate "2018.10.10"]
[SourceVersion "1"]
[SourceVersionDate "2018.10.10"]
[SourceQuality "1"]
[WhiteTeam "Charleroi CREC"]
[BlackTeam "KSK Rochade"]
[WhiteTeamCountry "BEL"]
[BlackTeamCountry "BEL"]

1. d4 d5 2. c4 e6 3. Nf3 c6 4. Qc2 dxc4 5. Qxc4 Nf6 6. g3 b5 7. Qc2 Bb7 8. Bg2 Nbd7 9. 0-0 c5 10. a4 a6 11. Nbd2 Rc8 12. axb5 axb5 13. Qd3 c4 14. Qc2 Bd6 15. Nh4 Bxg2 16. Nxg2 e5 17. dxe5 Nxe5 18. Ne4 Nxe4 19. Qxe4 0-0 20. Rd1 Qb6 21. Be3 Qb8 22. Ra6 Bc7 23. Nf4 Rfe8 24. Nh5 Rcd8 25. Rda1 Qc8 26. Ra8 Qd7 27. Rxd8 Bxd8 28. Ra7 Qd1+ 29. Kg2 Qxe2 30. Nxg7 Bb6 31. Nxe8 Ng4 32. Nf6+ Nxf6 33. Ra8+ Kg7 34. Bh6+ Kxh6 35. Qxe2 Kg7 36. Qe5 1-0

[Event "BEL-chT 1718"]
[Site "Belgium"]
[Date "2017.09.24"]
[Round "1.7"]
[White "Memeti, Kastriot"]
[Black "Fayard, Alain"]
[Result "1-0"]
[WhiteElo "2183"]
[BlackElo "2164"]
[PlyCount "57"]
[EventDate "2017.09.24"]
[EventType "team-tourn"]
[EventRounds "11"]
[EventCountry "BEL"]
[SourceTitle "EXT 2018"]
[Source "ChessBase"]
[SourceDate "2017.10.13"]
[SourceVersion "1"]
[SourceVersionDate "2017.10.13"]
[SourceQuality "1"]
[WhiteTeam "Amay"]
[BlackTeam "Charleroi CREC"]
[WhiteTeamCountry "BEL"]
[BlackTeamCountry "BEL"]

1. d4 d5 2. Bf4 Nf6 3. e3 c5 4. c3 Nc6 5. Nd2 cxd4 6. exd4 Bf5 7. Ngf3 e6 8. Qb3 Qc8 9. h3 Be7 10. Nh4 Be4 11. Nxe4 dxe4 12. g4 h5 13. g5 Nd5 14. Bd2 0-0 15. Qc2 Qd8 16. Rg1 e3 17. Bxe3 Nxe3 18. fxe3 Bxg5 19. Ng2 e5 20. 0-0-0 exd4 21. Kb1 Rc8 22. exd4 Qd5 23. Qf2 Rfe8 24. Bd3 g6 25. h4 Bh6 26. Nf4 Bxf4 27. Qxf4 Kg7 28. Rg5 Qd8 29. Bxg6 1-0

[Event "BEL-chT 1617"]
[Site "Belgium"]
[Date "2016.11.06"]
[Round "3.5"]
[White "Fayard, Alain"]
[Black "Schoppen, Casper"]
[Result "0-1"]
[WhiteElo "2223"]
[BlackElo "2304"]
[PlyCount "62"]
[EventDate "2016.10.02"]
[EventType "team-tourn"]
[EventRounds "11"]
[EventCountry "BEL"]
[SourceTitle "CBM 175 Extra"]
[Source "ChessBase"]
[SourceDate "2016.12.12"]
[SourceVersion "1"]
[SourceVersionDate "2016.12.12"]
[SourceQuality "1"]
[WhiteTeam "Charleroi CREC"]
[BlackTeam "KGSRL"]
[WhiteTeamCountry "BEL"]
[BlackTeamCountry "BEL"]

1. d4 Nf6 2. Nf3 e6 3. c4 d5 4. g3 Be7 5. Bg2 0-0 6. Qc2 c6 7. 0-0 Nbd7 8. Nbd2 b6 9. e4 dxe4 10. Nxe4 Bb7 11. Rd1 Qc8 12. Ne5 Nxe5 13. dxe5 Nxe4 14. Bxe4 h6 15. Be3 c5 16. Rd2 Rd8 17. Rxd8+ Bxd8 18. Bxb7 Qxb7 19. Qa4 Bc7 20. Rd1 Bxe5 21. Rd7 Qe4 22. b3 a6 23. Re7 h5 24. Qd7 Qf5 25. Re8+ Rxe8 26. Qxe8+ Kh7 27. Qc6 Bd4 28. Qxb6 Qb1+ 29. Kg2 Qe4+ 30. Kh3 g5 31. Bxd4 Qh1 0-1

[Event "Budapest FS09 IM"]
[Site "Budapest"]
[Date "2015.09.12"]
[Round "7"]
[White "Fayard, Alain"]
[Black "Belkhodja, Slim"]
[Result "1/2-1/2"]
[WhiteElo "2200"]
[BlackElo "2410"]
[PlyCount "76"]
[EventDate "2015.09.05"]
[EventType "tourn"]
[EventRounds "9"]
[EventCountry "HUN"]
[EventCategory "2"]
[SourceTitle "EXT 2016"]
[Source "ChessBase"]
[SourceDate "2015.10.08"]
[SourceVersion "1"]
[SourceVersionDate "2015.10.08"]
[SourceQuality "1"]

1. d4 g6 2. Nf3 Bg7 3. c4 c5 4. g3 cxd4 5. Nxd4 Nc6 6. Nb3 a5 7. Na3 a4 8. Nd2 Nf6 9. Bg2 0-0 10. 0-0 d6 11. Ndb1 Nd7 12. Nc3 Nc5 13. Be3 Be6 14. Qd2 Qa5 15. Rac1 Rfc8 16. Rfd1 Nb4 17. Bd4 Bxd4 18. Qxd4 Rab8 19. Qh4 Qd8 20. Bh3 Bxh3 21. Qxh3 Ra8 22. Qh4 Qf8 23. Nc2 Nxc2 24. Rxc2 f6 25. Nd5 Rab8 26. Rc3 b6 27. Re3 Rb7 28. b4 axb3 29. axb3 Re8 30. b4 Na6 31. Qe4 Ra7 32. Ra1 Nc5 33. Qb1 Rxa1 34. Qxa1 Nd7 35. Qa7 Ne5 36. Nxb6 Ng4 37. Ra3 Qh6 38. h4 Qd2 1/2-1/2

[Event "Budapest FS09 IM"]
[Site "Budapest"]
[Date "2015.09.08"]
[Round "4"]
[White "Fayard, Alain"]
[Black "Szeberenyi, Adam"]
[Result "1/2-1/2"]
[WhiteElo "2200"]
[BlackElo "2378"]
[PlyCount "25"]
[EventDate "2015.09.05"]
[EventType "tourn"]
[EventRounds "9"]
[EventCountry "HUN"]
[EventCategory "2"]
[SourceTitle "EXT 2016"]
[Source "ChessBase"]
[SourceDate "2015.10.08"]
[SourceVersion "1"]
[SourceVersionDate "2015.10.08"]
[SourceQuality "1"]

1. d4 Nf6 2. c4 e6 3. g3 d5 4. Bg2 c5 5. dxc5 Bxc5 6. Nf3 0-0 7. 0-0 dxc4 8. Nbd2 Bd7 9. Ne5 Bc6 10. Nxc6 Nxc6 11. Nxc4 Rc8 12. Bg5 h6 13. Qxd8 1/2-1/2

[Event "Budapest FS09 IM"]
[Site "Budapest"]
[Date "2015.09.07"]
[Round "3"]
[White "Bunyatov, Rustam Faiq"]
[Black "Fayard, Alain"]
[Result "1-0"]
[WhiteElo "2309"]
[BlackElo "2200"]
[PlyCount "73"]
[EventDate "2015.09.05"]
[EventType "tourn"]
[EventRounds "9"]
[EventCountry "HUN"]
[EventCategory "2"]
[SourceTitle "EXT 2016"]
[Source "ChessBase"]
[SourceDate "2015.10.08"]
[SourceVersion "1"]
[SourceVersionDate "2015.10.08"]
[SourceQuality "1"]

1. e4 c6 2. d4 d5 3. Nd2 dxe4 4. Nxe4 Bf5 5. Nc5 e5 6. Nxb7 Qxd4 7. Qxd4 exd4 8. Bd3 Bxd3 9. cxd3 Nd7 10. Bf4 Bb4+ 11. Kd1 Ngf6 12. Nd6+ Kf8 13. Nc4 Nh5 14. Bd2 Bxd2 15. Kxd2 Nf4 16. g3 Ne6 17. Nf3 Rb8 18. Rhe1 c5 19. b3 g6 20. Nfe5 Nxe5 21. Rxe5 Kg7 22. f4 Rhe8 23. Rae1 Red8 24. Kc2 Rbc8 25. f5 Nf8 26. Re7 Rd7 27. Rxd7 Nxd7 28. Re7 Rd8 29. Nd6 Nb6 30. Nxf7 Rd7 31. Rxd7 Nxd7 32. fxg6 hxg6 33. Nd8 Kf6 34. Nc6 a6 35. b4 Ke6 36. bxc5 g5 37. Nxd4+ 1-0

[Event "BEL-chT 1415"]
[Site "Belgium"]
[Date "2015.02.08"]
[Round "8.8"]
[White "Van Laeken, Rudy"]
[Black "Fayard, Alain"]
[Result "0-1"]
[WhiteElo "2098"]
[BlackElo "2224"]
[PlyCount "86"]
[EventDate "2014.09.28"]
[EventType "team-swiss"]
[EventRounds "11"]
[EventCountry "BEL"]
[SourceTitle "EXT 2016"]
[Source "ChessBase"]
[SourceDate "2015.10.08"]
[SourceVersion "1"]
[SourceVersionDate "2015.10.08"]
[SourceQuality "1"]
[WhiteTeam "Temse"]
[BlackTeam "Charleroi CREC"]
[WhiteTeamCountry "BEL"]
[BlackTeamCountry "BEL"]

1. e4 e5 2. Nf3 Nc6 3. Bb5 Nge7 4. d4 exd4 5. Nxd4 g6 6. Nc3 Bg7 7. Be3 a6 8. Nxc6 Nxc6 9. Bxc6 bxc6 10. Bd4 f6 11. h4 h5 12. Qe2 Qe7 13. Nd1 c5 14. Bc3 Bb7 15. f3 0-0-0 16. Ne3 f5 17. exf5 Bxc3+ 18. bxc3 Rde8 19. Kf2 gxf5 20. g3 Qf6 21. Qc4 f4 22. gxf4 Qc6 23. Rh3 d5 24. Qd3 d4 25. Ng2 c4 26. Qd2 dxc3 27. Qxc3 Qe6 28. Rh2 Qe2+ 29. Kg1 Rhg8 30. Rf1 Re3 31. Qd4 Bxf3 32. Rf2 Qe1+ 33. Rf1 Qe2 34. Rf2 Qe1+ 35. Rf1 Qc3 36. Qxc3 Rxc3 37. Rc1 Be4 38. Kf2 Rd8 39. Ke2 Rxc2+ 40. Rxc2 Bxc2 41. Ne1 Bf5 42. Ke3 Re8+ 43. Kd2 c3+ 0-1

[Event "Cappelle op 30th"]
[Site "Cappelle la Grande"]
[Date "2014.03.03"]
[Round "3"]
[White "Fayard, Alain"]
[Black "Manolache, Marius"]
[Result "0-1"]
[WhiteElo "2225"]
[BlackElo "2495"]
[PlyCount "70"]
[EventDate "2014.03.01"]
[EventType "swiss"]
[EventRounds "9"]
[EventCountry "FRA"]
[SourceTitle "CBM 159 Extra"]
[Source "ChessBase"]
[SourceDate "2014.04.24"]
[SourceVersion "1"]
[SourceVersionDate "2014.04.24"]
[SourceQuality "1"]

1. d4 Nf6 2. c4 d6 3. Nc3 g6 4. e4 Bg7 5. f3 0-0 6. Be3 Nc6 7. Nge2 a6 8. Qd2 Bd7 9. Rc1 Re8 10. Nd1 b5 11. c5 e6 12. g3 dxc5 13. Rxc5 Bf8 14. Rc1 Bb4 15. Ndc3 e5 16. d5 Na5 17. b3 c6 18. dxc6 Bxc6 19. Qxd8 Raxd8 20. Kf2 Nb7 21. Nb1 Bxe4 22. fxe4 Nxe4+ 23. Kf3 Nf6 24. a3 Be7 25. Bh3 Rd3 26. Rhd1 Bc5 27. Rxd3 e4+ 28. Kf2 exd3 29. Nd4 Nd5 30. Rxc5 Nxc5 31. Bd2 Ne4+ 32. Kf3 f5 33. Bf1 Ndf6 34. Bxd3 Nxd2+ 35. Nxd2 Rd8 0-1